[Event "4NCL Division 3s"]
[Site "Daventry Court ENG"]
[Date "2015.01.11"]
[Round "4.117"]
[White "Peck, Silas"]
[Black "Cavendish, Joshua"]
[Result "0-1"]
[WhiteElo "1919"]
[BlackElo "1832"]
[PlyCount "112"]
[EventDate "2015.01.11"]
[WhiteTeam "Anglian Avengers 2"]
[BlackTeam "Barnet Knights 1"]

1. e4 c6 2. d4 d5 3. e5 Bf5 4. Nf3 e6 5. Be2 Ne7 6. O-O Nd7 7. Nbd2 c5 8. c4
cxd4 9. Nxd4 Nxe5 10. cxd5 Qxd5 11. N2f3 N7c6 12. Qa4 Be7 13. Rd1 O-O 14. Nxf5
Nxf3+ 15. Bxf3 Qxf5 16. Be3 Bf6 17. Be4 Qh5 18. Rd7 Rad8 19. Rxb7 Ne5 20. Rb5
Qe2 21. h3 a6 22. Rc5 Nd3 23. Rc2 Qh5 24. Qa3 Qb5 25. Rb1 Ne5 26. Rbc1 Rd7 27.
f4 Rfd8 28. fxe5 Qxe5 29. Bf3 Rd3 30. Qxa6 Qxe3+ 31. Kh1 Rd1+ 32. Bxd1 Qe1+ 33.
Kh2 Be5+ 34. g3 Qxg3+ 35. Kh1 Rxd1+ 36. Rxd1 Qf3+ 37. Rg2 Qxd1+ 38. Rg1 Qf3+
39. Rg2 Qd1+ 40. Rg1 Qf3+ 41. Rg2 Qxh3+ 42. Kg1 Bd4+ 43. Rf2 Bxf2+ 44. Kxf2
Qf5+ 45. Kg3 h5 46. Qc8+ Kh7 47. Qc3 g5 48. b4 h4+ 49. Kg2 g4 50. a4 h3+ 51.
Kg3 e5 52. Qe3 Qf4+ 53. Qxf4 exf4+ 54. Kh2 f3 55. Kg3 f5 56. a5 f4+ 0-1

[Event "4NCL Division 3s"]
[Site "Daventry Court ENG"]
[Date "2015.01.11"]
[Round "4.118"]
[White "Rocco, Federico"]
[Black "Cook, Michael"]
[Result "0-1"]
[WhiteElo "1703"]
[BlackElo "1997"]
[PlyCount "46"]
[EventDate "2015.01.11"]
[WhiteTeam "Barnet Knights 1"]
[BlackTeam "Anglian Avengers 2"]

1. e4 e5 2. Nf3 Nc6 3. Bb5 Nf6 4. O-O Bc5 5. Bxc6 dxc6 6. Nxe5 Nxe4 7. Qf3 Qd5
8. Nd3 O-O 9. Re1 f5 10. Nc3 Nxc3 11. Qxd5+ Nxd5 12. Nxc5 Nb4 13. Re7 Nxc2 14.
Rb1 Nb4 15. b3 b6 16. Na4 Nd5 17. Re5 Ba6 18. Ba3 Rfe8 19. Rxf5 Bd3 20. Rf8+
Rxf8 21. Bxf8 Bxb1 22. Ba3 Re8 23. f3 Bxa2 {Scoresheets illegible from here.}
0-1

[Event "4NCL Division 3s"]
[Site "Daventry Court ENG"]
[Date "2015.01.11"]
[Round "4.120"]
[White "Hung, Jake"]
[Black "Hall, Antony"]
[Result "1-0"]
[WhiteElo "1670"]
[BlackElo "1946"]
[PlyCount "127"]
[EventDate "2015.01.11"]
[WhiteTeam "Barnet Knights 1"]
[BlackTeam "Anglian Avengers 2"]

1. c4 e5 2. g3 Nf6 3. Bg2 g6 4. Nc3 Bg7 5. Nf3 d6 6. O-O O-O 7. d4 exd4 8. Nxd4
c6 9. Bf4 Nh5 10. Be3 Nd7 11. Nb3 Ne5 12. c5 d5 13. Bd4 f5 14. Qc2 Qc7 15. Nd2
Be6 16. e3 Rae8 17. Rae1 Bc8 18. b4 Nf6 19. f4 Neg4 20. h3 Nh6 21. Nf3 Nf7 22.
Kh2 Re7 23. Qb2 Nh5 24. Bxg7 Nxg7 25. Rf2 Rfe8 26. Qd2 Nh5 27. Nd4 Nf6 28. Rfe2
Nd8 29. a4 Ne6 30. Nxe6 Bxe6 31. Qd4 Kf7 32. b5 Rc8 33. Rc1 Qd7 34. Rb2 Qe8 35.
a5 Bd7 36. bxc6 bxc6 37. Re1 Rb8 38. Rxb8 Qxb8 39. Rb1 Qc7 40. Ra1 Re8 41. Ra4
Bc8 42. Na2 Qe7 43. Ra3 Ne4 44. Nb4 Bd7 45. Nd3 Kg8 46. Ra4 Rb8 47. Rb4 Rxb4
48. Qxb4 Bc8 49. Ne5 Qc7 50. g4 fxg4 51. Bxe4 dxe4 52. Qc4+ Kf8 53. Qxe4 Qxa5
54. Qd3 g3+ 55. Kxg3 Qe1+ 56. Kg2 Bxh3+ 57. Kxh3 Qh1+ 58. Kg3 Qg1+ 59. Kf3 Qh1+
60. Ke2 Qg2+ 61. Kd1 Qa2 62. Qd8+ Kg7 63. Qe7+ Kh6 64. Ng4+ 1-0

[Event "4NCL Division 3s"]
[Site "Daventry Court ENG"]
[Date "2015.01.11"]
[Round "4.125"]
[White "Ruthen, Stephen W"]
[Black "Garnett, John S"]
[Result "0-1"]
[WhiteElo "2053"]
[BlackElo "1999"]
[PlyCount "158"]
[EventDate "2015.01.11"]
[WhiteTeam "Iceni 1"]
[BlackTeam "e2e4.org.uk 3"]

1. c4 e5 2. g3 Nc6 3. Bg2 g6 4. Nc3 Bg7 5. e4 d6 6. d3 f5 7. Nge2 Nf6 8. O-O
O-O 9. Nd5 Ne7 10. Nxf6+ Bxf6 11. Bh6 Bg7 12. Be3 c6 13. Rc1 Be6 14. Qd2 d5 15.
cxd5 cxd5 16. b3 f4 17. Nxf4 exf4 18. Bxf4 dxe4 19. dxe4 Qxd2 20. Bxd2 Rac8 21.
Bb4 Rfe8 22. Rxc8 Bxc8 23. Rd1 Nc6 24. Bc5 b6 25. Be3 Ne5 26. h3 Bb7 27. f4 Nf7
28. e5 Bxg2 29. Kxg2 Bf8 30. Kf3 Ba3 31. Rd4 Bc5 32. Ra4 Bxe3 33. Kxe3 a5 34.
g4 g5 35. Re4 gxf4+ 36. Kxf4 Kg7 37. h4 Nd8 38. Rc4 Ne6+ 39. Kf5 Nc5 40. g5
Rf8+ 41. Kg4 Kf7 42. b4 axb4 43. Rxb4 Nd7 44. Kf5 Ke7+ 45. Ke4 Ke6 46. Rd4 Nc5+
47. Ke3 Kxe5 48. Rb4 Nd7 49. Re4+ Kd6 50. Rd4+ Kc6 51. Rc4+ Nc5 52. a4 Re8+ 53.
Kf3 Kd5 54. Rb4 Re6 55. h5 Nd7 56. Kf4 Re1 57. Rb5+ Ke6 58. h6 Rf1+ 59. Ke4
Nc5+ 60. Ke3 Nxa4 61. Rb4 Kf5 62. Rxa4 Kxg5 63. Rb4 Rf6 64. Rb5+ Kxh6 65. Ke4
Kg6 66. Rb1 h5 67. Rg1+ Kf7 68. Rh1 Rh6 69. Kf5 h4 70. Kg5 Rh8 71. Rh3 Ke7 72.
Kf5 Kd6 73. Ke4 Kc5 74. Kd3 Kd5 75. Ke3 Ke5 76. Kf3 Kf5 77. Rh1 h3 78. Kg3 h2
79. Kf3 b5 0-1

[Event "4NCL Division 3s"]
[Site "Daventry Court ENG"]
[Date "2015.01.11"]
[Round "4.126"]
[White "Truman, Richard G"]
[Black "Peters, John A"]
[Result "1-0"]
[WhiteElo "1976"]
[BlackElo "2000"]
[PlyCount "77"]
[EventDate "2015.01.11"]
[WhiteTeam "e2e4.org.uk 3"]
[BlackTeam "Iceni 1"]

1. e4 Nf6 2. e5 Nd5 3. d4 d6 4. Nf3 Bg4 5. Be2 Nc6 6. e6 fxe6 7. Ng5 Bxe2 8.
Qxe2 Nxd4 9. Qe4 c5 10. c3 Nf6 11. Qd3 Nc6 12. Nxe6 Qd7 13. Qe2 Ne5 14. Nf4
O-O-O 15. O-O g5 16. Nd3 Nxd3 17. Qxd3 g4 18. b4 Qc6 19. Be3 c4 20. Qd4 b6 21.
Nd2 d5 22. a4 Rd7 23. b5 Qd6 24. Bf4 Qc5 25. Qe5 Qd6 26. Qf5 Qc5 27. a5 d4 28.
Qxc5+ bxc5 29. Nxc4 Bg7 30. Be5 Nh5 31. cxd4 cxd4 32. Rac1 Bxe5 33. Nb6+ Kb7
34. Nxd7 Bd6 35. Rfd1 Nf4 36. Kf1 e5 37. Rc6 Ba3 38. Nxe5 h5 39. Rxd4 1-0

[Event "4NCL Division 3s"]
[Site "Daventry Court ENG"]
[Date "2015.01.11"]
[Round "4.127"]
[White "Savage, Nicholas W"]
[Black "Taylor, Dale C"]
[Result "1/2-1/2"]
[WhiteElo "2007"]
[BlackElo "1956"]
[PlyCount "143"]
[EventDate "2015.01.11"]
[WhiteTeam "Iceni 1"]
[BlackTeam "e2e4.org.uk 3"]

1. d4 Nf6 2. c4 e6 3. Nf3 Bb4+ 4. Nbd2 O-O 5. a3 Be7 6. e4 d5 7. e5 Ne4 8. Bd3
Nxd2 9. Bxd2 dxc4 10. Bxc4 c5 11. dxc5 Bxc5 12. Qc2 Nc6 13. O-O Nd4 14. Nxd4
Qxd4 15. Bd3 Be7 16. Bxh7+ Kh8 17. Bc3 Qh4 18. Be4 g6 19. g3 Qh5 20. Rad1 Kg7
21. f4 Rh8 22. Qg2 Rb8 23. g4 Qh3 24. Rf3 Qxg2+ 25. Kxg2 b6 26. h3 Bb7 27. Bxb7
Rxb7 28. Rfd3 Rc8 29. Rd7 Rxd7 30. Rxd7 Bxa3 31. bxa3 Rxc3 32. Rxa7 Re3 33. g5
Rb3 34. a4 Ra3 35. Rb7 Rxa4 36. Rxb6 Ra3 37. Rb2 Re3 38. Rf2 Ra3 39. Rf3 Ra2+
40. Kg3 Rb2 41. Rf2 Rb4 42. Kg4 Rb1 43. Rh2 Rg1+ 44. Kf3 Rf1+ 45. Kg3 Rg1+ 46.
Kf2 Ra1 47. h4 Ra2+ 48. Kg3 Ra3+ 49. Kg4 Ra1 50. h5 Rg1+ 51. Kf3 gxh5 52. Rxh5
Rf1+ 53. Ke3 Re1+ 54. Kf2 Ra1 55. Rh6 Ra3 56. Rf6 Rh3 57. g6 fxg6 58. Rxe6 Ra3
59. Rb6 Kf7 60. Rb4 Kf8 61. Rb2 Kf7 62. Re2 Ke6 63. Re3 Rxe3 64. Kxe3 g5 65.
Ke4 gxf4 66. Kxf4 Ke7 67. Kf5 Kf7 68. e6+ Ke7 69. Ke5 Ke8 70. Kf6 Kf8 71. e7+
Ke8 72. Ke6 1/2-1/2

[Event "4NCL Division 3s"]
[Site "Daventry Court ENG"]
[Date "2015.01.11"]
[Round "4.128"]
[White "Kingston, Ian S"]
[Black "Feavyour, John A"]
[Result "1/2-1/2"]
[WhiteElo "1954"]
[BlackElo "2029"]
[PlyCount "137"]
[EventDate "2015.01.11"]
[WhiteTeam "e2e4.org.uk 3"]
[BlackTeam "Iceni 1"]

1. e4 c5 2. Nf3 Nc6 3. Bb5 a6 4. Bxc6 dxc6 5. O-O g6 6. c3 Bg7 7. d3 e5 8. Be3
Qd6 9. d4 cxd4 10. cxd4 exd4 11. e5 Qc7 12. Qxd4 Ne7 13. Bg5 O-O 14. Nc3 Nf5
15. Qd2 Be6 16. Bf6 Bxf6 17. exf6 Qd8 18. Qxd8 Rfxd8 19. Rfd1 h5 20. Ng5 Rd4
21. Nf3 Rdd8 22. Ng5 b5 23. h3 Rac8 24. Nce4 Rxd1+ 25. Rxd1 Bxa2 26. Nc5 a5 27.
Ra1 Bd5 28. Rxa5 Re8 29. Ra7 Nd4 30. Nd3 Ne6 31. Nxf7 Rf8 32. Nh6+ Kh8 33. Nf7+
Kg8 34. Nde5 Nf4 35. Nh6+ Kh8 36. Nd7 Rd8 37. Ne5 Rf8 38. g3 Nxh3+ 39. Kh2 Rxf6
40. Kxh3 g5 41. Nhf7+ Kg8 42. Nxg5 Rxf2 43. g4 hxg4+ 44. Kxg4 Rxb2 45. Kf5 Rf2+
46. Kg6 Kf8 47. Nh7+ Ke8 48. Rd7 Be4+ 49. Kg7 Rg2+ 50. Kf6 Rg6+ 51. Nxg6 Kxd7
52. Ne5+ Kd6 53. Ng5 Bc2 54. Ngf7+ Kd5 55. Ng4 Kd4 56. Nd6 b4 57. Ne5 c5 58.
Nec4 Bd3 59. Na5 c4 60. Nc6+ Kc5 61. Nxc4 b3 62. Nb2 Kxc6 63. Nxd3 Kd5 64. Kf5
Kd4 65. Nb2 Kc3 66. Na4+ Kb4 67. Nb2 Ka3 68. Nc4+ Kb4 69. Nb2 1/2-1/2

[Event "4NCL Division 3s"]
[Site "Daventry Court ENG"]
[Date "2015.01.11"]
[Round "4.129"]
[White "Szymanski, Mark"]
[Black "Willow, Jonah B"]
[Result "0-1"]
[WhiteElo "1839"]
[BlackElo "1829"]
[PlyCount "22"]
[EventDate "2015.01.11"]
[WhiteTeam "Iceni 1"]
[BlackTeam "e2e4.org.uk 3"]

1. c4 Nf6 2. g3 e5 3. Bg2 d5 4. cxd5 Nxd5 5. Nf3 Nc6 6. O-O Nb6 7. d3 Be7 8. b3
Bf6 9. e4 Bg4 10. h3 Bxf3 11. Bxf3 Qd4 0-1

[Event "4NCL Division 3s"]
[Site "Daventry Court ENG"]
[Date "2015.01.11"]
[Round "4.130"]
[White "Towers, Nigel S"]
[Black "Ukken, Somton"]
[Result "1/2-1/2"]
[WhiteElo "1820"]
[BlackElo "1915"]
[PlyCount "58"]
[EventDate "2015.01.11"]
[WhiteTeam "e2e4.org.uk 3"]
[BlackTeam "Iceni 1"]

1. e4 d5 2. exd5 Qxd5 3. Nc3 Qd6 4. d4 Nf6 5. Nf3 c6 6. Be2 Bf5 7. Nh4 Bg6 8.
g3 Nbd7 9. f4 e6 10. a3 Qc7 11. O-O Ne4 12. Nxg6 Nxc3 13. bxc3 hxg6 14. c4 Nf6
15. Bf3 Be7 16. Qe2 Rd8 17. Be3 c5 18. c3 O-O 19. Rfd1 cxd4 20. cxd4 b6 21. a4
Rc8 22. Rac1 Ba3 23. Rc2 Rfd8 24. Bf2 Bb4 25. Be1 Bxe1 26. Qxe1 Qd7 27. Qb4 Nd5
28. Qb3 Ne7 29. Rcd2 Qc7 1/2-1/2

[Event "4NCL Division 3s"]
[Site "Daventry Court ENG"]
[Date "2015.01.11"]
[Round "4.135"]
[White "Heaven, Peter"]
[Black "Smart, Mike"]
[Result "1-0"]
[WhiteElo "1972"]
[BlackElo "2028"]
[PlyCount "51"]
[EventDate "2015.01.11"]
[WhiteTeam "Rhyfelwyr Essyllwg 2"]
[BlackTeam "Guildford 4"]

1. e4 Nf6 2. e5 Nd5 3. d4 Nb6 4. Bd3 d6 5. exd6 cxd6 6. Bg5 Nc6 7. c3 g6 8. Qd2
h6 9. Bh4 Bg7 10. Ne2 Qd7 11. O-O e5 12. f4 Qg4 13. Qe1 g5 14. Bg3 O-O 15. fxg5
Qxg5 16. Rf3 Bg4 17. h4 Qh5 18. Rf1 Rae8 19. Nd2 exd4 20. Nf4 Qc5 21. Bf2 Nc4
22. Qc1 Ne3 23. b4 Qe5 24. Bxe3 dxe3 25. Be2 Bxe2 26. Nxe2 {Remaining moves
illegible on both scoresheets. Game ends at move 44.} 1-0

[Event "4NCL Division 3s"]
[Site "Daventry Court ENG"]
[Date "2015.01.11"]
[Round "4.136"]
[White "Punnett, Alan"]
[Black "Hatchett, Paul D"]
[Result "1-0"]
[WhiteElo "2050"]
[BlackElo "1971"]
[PlyCount "47"]
[EventDate "2015.01.11"]
[WhiteTeam "Guildford 4"]
[BlackTeam "Rhyfelwyr Essyllwg 2"]

1. e4 Nf6 2. e5 Nd5 3. c4 Nb6 4. c5 Nd5 5. Nc3 e6 6. d4 b6 7. cxb6 axb6 8. Bc4
Nxc3 9. bxc3 Bb7 10. Nf3 d6 11. O-O Nd7 12. d5 Bxd5 13. Bxd5 exd5 14. Re1 dxe5
15. Nxe5 Nxe5 16. Rxe5+ Be7 17. Rxd5 Qc8 18. Re5 Qd7 19. Qe2 Ra5 20. Rxa5 bxa5
21. Ba3 Kd8 22. Bxe7+ Qxe7 23. Rd1+ Ke8 24. Qb5+ 1-0

[Event "4NCL Division 3s"]
[Site "Daventry Court ENG"]
[Date "2015.01.11"]
[Round "4.137"]
[White "Kirby, Peter J"]
[Black "Shepley, Julien"]
[Result "1-0"]
[WhiteElo "1984"]
[BlackElo "1964"]
[PlyCount "73"]
[EventDate "2015.01.11"]
[WhiteTeam "Rhyfelwyr Essyllwg 2"]
[BlackTeam "Guildford 4"]

1. c4 c5 2. g3 g6 3. Bg2 Bg7 4. Nc3 Nc6 5. Nf3 Nf6 6. d4 cxd4 7. Nxd4 Nxd4 8.
Qxd4 O-O 9. Qd3 d6 10. O-O a6 11. Rd1 Nd7 12. b3 Nc5 13. Qe3 Be6 14. Bd2 Qc7
15. Rac1 Rae8 16. Nd5 Qb8 17. Nb6 Bf6 18. Bc3 Bxc3 19. Rxc3 Qd8 20. Nd5 a5 21.
Qd4 f6 22. Ne3 Bd7 23. Bxb7 Nxb7 24. Qd5+ Rf7 25. Qxb7 Bc8 26. Qc6 Bd7 27. Qd5
Qb6 28. c5 Qa6 29. c6 Bc8 30. Qc4 Qa7 31. Qd4 Qxd4 32. Rxd4 Ba6 33. Kf1 Rc8 34.
Rd5 Rff8 35. Rxa5 Ra8 36. b4 e6 37. b5 1-0

[Event "4NCL Division 3s"]
[Site "Daventry Court ENG"]
[Date "2015.01.11"]
[Round "4.138"]
[White "Stimpson, Phil"]
[Black "Taylor, Robert G"]
[Result "1-0"]
[WhiteElo "1993"]
[BlackElo "1990"]
[PlyCount "51"]
[EventDate "2015.01.11"]
[WhiteTeam "Guildford 4"]
[BlackTeam "Rhyfelwyr Essyllwg 2"]

1. e4 c5 2. Nc3 Nc6 3. Nf3 e6 4. Bb5 d6 5. Bxc6+ bxc6 6. O-O e5 7. d3 Bg4 8. h3
Bh5 9. g4 Bg6 10. Ne2 Qd7 11. Nh4 Be7 12. Nxg6 hxg6 13. Kg2 f5 14. f3 Nf6 15.
Ng3 f4 16. Ne2 Nh7 17. Rh1 Ng5 18. Bd2 Ne6 19. Ba5 Rb8 20. b3 Bd8 21. Bd2 Nd4
22. c3 Nxe2 23. Qxe2 Qe7 24. d4 cxd4 25. cxd4 Qh4 26. Be1 {Remaining moves
illegible, other scoresheet written in descriptive notation. Ends at move 87.}
1-0

[Event "4NCL Division 3s"]
[Site "Daventry Court ENG"]
[Date "2015.01.11"]
[Round "4.140"]
[White "Horlock, Peter J"]
[Black "Wang, Alyssa"]
[Result "1/2-1/2"]
[WhiteElo "1615"]
[BlackElo "1652"]
[PlyCount "77"]
[EventDate "2015.01.11"]
[WhiteTeam "Guildford 4"]
[BlackTeam "Rhyfelwyr Essyllwg 2"]

1. e4 c6 2. d4 d5 3. Nc3 dxe4 4. Nxe4 Bf5 5. Ng3 Bg6 6. Nf3 Nd7 7. Bd3 Bxd3 8.
Qxd3 Ngf6 9. O-O e6 10. Re1 Be7 11. c3 O-O 12. Qc2 c5 13. dxc5 Bxc5 14. Bg5 Qb6
15. Ne4 Nxe4 16. Rxe4 h6 17. Bh4 Rfe8 18. Rd1 Qc6 19. Re2 Be7 20. Nd4 Qb6 21.
Bg3 Nf6 22. h3 Rac8 23. Nf3 Red8 24. Be5 Rxd1+ 25. Qxd1 Rd8 26. Qc2 Rd7 27. Bd4
Bc5 28. Ne5 Rd5 29. Nc4 Qb5 30. Ne3 Rd7 31. Bxf6 Bxe3 32. Bxg7 Bxf2+ 33. Rxf2
Kxg7 34. c4 Qe5 35. Qc1 Qd4 36. Qe1 Qd1 37. Qxd1 Rxd1+ 38. Kh2 Rd4 39. b3
1/2-1/2

[Event "4NCL Division 3s"]
[Site "Daventry Court ENG"]
[Date "2015.01.11"]
[Round "4.145"]
[White "Hassall, Mark"]
[Black "Shephard, Chris"]
[Result "1/2-1/2"]
[WhiteElo "1936"]
[BlackElo "2169"]
[PlyCount "54"]
[EventDate "2015.01.11"]
[WhiteTeam "West is Best 2"]
[BlackTeam "Warwickshire Select 2"]

1. e4 c5 2. Nf3 Nc6 3. d4 cxd4 4. Nxd4 Nf6 5. Nc3 e5 6. Ndb5 d6 7. Na3 Be6 8.
Bg5 a6 9. Bxf6 gxf6 10. Nd5 Qa5+ 11. c3 Bxd5 12. exd5 Ne7 13. Nc4 Qd8 14. a4
Bg7 15. a5 O-O 16. g3 Rc8 17. Nb6 Rc7 18. Bh3 f5 19. Qf3 f4 20. gxf4 exf4 21.
Qxf4 Ng6 22. Qg3 Qe8+ 23. Kd1 Qb5 24. Kc2 Qe2+ 25. Kb3 Qb5+ 26. Kc2 Qe2+ 27.
Kb3 Qb5+ 1/2-1/2

[Event "4NCL Division 3s"]
[Site "Daventry Court ENG"]
[Date "2015.01.11"]
[Round "4.146"]
[White "Page, Mark"]
[Black "Woolcock, Craig"]
[Result "1-0"]
[WhiteElo "2073"]
[BlackElo "1904"]
[PlyCount "101"]
[EventDate "2015.01.11"]
[WhiteTeam "Warwickshire Select 2"]
[BlackTeam "West is Best 2"]

1. e4 e6 2. d4 d5 3. Nc3 h6 4. exd5 exd5 5. Bf4 c6 6. Bd3 Nf6 7. Qd2 Bd6 8.
O-O-O Bxf4 9. Qxf4 Be6 10. Nf3 Nbd7 11. h3 Qb8 12. Qxb8+ Rxb8 13. Rhe1 O-O 14.
Ne5 Nxe5 15. dxe5 Nd7 16. f4 Nc5 17. Bf1 f6 18. exf6 Rxf6 19. b4 Ne4 20. Nxe4
dxe4 21. Rxe4 Bd5 22. Red4 b5 23. c4 Bf7 24. g3 g6 25. cxb5 cxb5 26. Rd8+ Rxd8
27. Rxd8+ Kg7 28. Bxb5 Rb6 29. Be8 Bxa2 30. Rd7+ Kf6 31. Rxa7 Be6 32. b5 Rb8
33. Bc6 Bxh3 34. Ra8 Rxa8 35. Bxa8 Ke7 36. Be4 g5 37. b6 Kd6 38. f5 h5 39. f6
Bc8 40. f7 Ke7 41. Bd5 h4 42. g4 h3 43. Kd2 h2 44. b7 Bxb7 45. Bxb7 Kxf7 46.
Kd3 Kf6 47. Kd4 Ke6 48. Bg2 Kd6 49. Ke4 Ke6 50. Bh1 Kf6 51. Kd5 1-0

[Event "4NCL Division 3s"]
[Site "Daventry Court ENG"]
[Date "2015.01.11"]
[Round "4.147"]
[White "Davies, Matthew"]
[Black "Webster, Paul"]
[Result "1-0"]
[WhiteElo "1926"]
[BlackElo "1992"]
[PlyCount "81"]
[EventDate "2015.01.11"]
[WhiteTeam "West is Best 2"]
[BlackTeam "Warwickshire Select 2"]

1. d4 Nf6 2. c4 e6 3. Nc3 Bb4 4. e3 b6 5. Nge2 Bb7 6. a3 Be7 7. Ng3 d5 8. cxd5
exd5 9. Bd3 O-O 10. O-O Re8 11. b4 Nbd7 12. Bb2 Bf8 13. b5 c5 14. bxc6 Bxc6 15.
a4 a6 16. Qb3 Ra7 17. Rfc1 Nb8 18. Ba3 Rb7 19. Bxf8 Rxf8 20. Rab1 Qd7 21. Qc2
g6 22. Qe2 Ra7 23. Rxb6 Qc7 24. Rbb1 Qa5 25. Nf1 Rb7 26. Rxb7 Bxb7 27. Qb2 Bc6
28. Rb1 Nfd7 29. Qb4 Qc7 30. a5 Ba8 31. Qa3 Rc8 32. Ne2 Kg7 33. Nd2 Qd8 34. h3
Qf6 35. Nb3 Rc6 36. Nf4 Rc7 37. Bf1 Rc3 38. Qb4 Rc7 39. Nc5 Nxc5 40. Qxb8 Qc6
41. dxc5 1-0

[Event "4NCL Division 3s"]
[Site "Daventry Court ENG"]
[Date "2015.01.11"]
[Round "4.148"]
[White "Roberts, Nick"]
[Black "Dydak, Mat"]
[Result "1/2-1/2"]
[WhiteElo "1959"]
[BlackElo "1854"]
[PlyCount "51"]
[EventDate "2015.01.11"]
[WhiteTeam "Warwickshire Select 2"]
[BlackTeam "West is Best 2"]

1. d4 f5 2. Bg5 h6 3. Bh4 g5 4. Bg3 Nf6 5. e3 d6 6. Bd3 Bg7 7. Nd2 Nc6 8. h4 g4
9. h5 e6 10. c3 Qe7 11. Qc2 Bd7 12. e4 fxe4 13. Nxe4 Nxe4 14. Bxe4 O-O-O 15.
O-O-O Bf6 16. Ne2 Qg7 17. Nf4 e5 18. Ng6 Rhe8 19. d5 Bg5+ 20. Kb1 Ne7 21. c4
Qf6 22. Nxe7+ Qxe7 23. f3 gxf3 24. gxf3 Kb8 25. Bf2 c5 26. a3 1/2-1/2

[Event "4NCL Division 3s"]
[Site "Daventry Court ENG"]
[Date "2015.01.11"]
[Round "4.155"]
[White "Bansal, Rohan"]
[Black "Jones, Steven A"]
[Result "1-0"]
[WhiteElo "1858"]
[BlackElo "2079"]
[PlyCount "117"]
[EventDate "2015.01.11"]
[WhiteTeam "KJCA Knights"]
[BlackTeam "Surbiton 1"]

1. d4 f5 2. Nf3 Nf6 3. Bg5 e6 4. e3 Be7 5. Bd3 O-O 6. c4 d5 7. Nc3 c6 8. a3 Ne4
9. Bxe7 Qxe7 10. Qc2 a5 11. Rb1 Nd7 12. O-O g5 13. Nd2 g4 14. f3 gxf3 15. Rxf3
Ndf6 16. Ndxe4 fxe4 17. Bxe4 Nxe4 18. Rxf8+ Qxf8 19. Nxe4 dxe4 20. Rf1 Qe7 21.
Qxe4 Bd7 22. Qe5 Qg7 23. Qc7 Be8 24. Qd6 Bg6 25. Qxe6+ Bf7 26. Qd6 Bxc4 27. Rf3
Rf8 28. Rxf8+ Qxf8 29. Qg3+ Kh8 30. Qe5+ Qg7 31. Qxa5 Qe7 32. Qe1 Bd5 33. Qg3
h6 34. Qh3 Qf6 35. Qc8+ Kh7 36. Qxb7+ Qg7 37. Qxg7+ Kxg7 38. g4 Bf3 39. h3 Kf6
40. Kf2 Be4 41. Kg3 Ke6 42. Kf4 Kd5 43. h4 Bc2 44. g5 h5 45. b4 Ke6 46. e4 Bb3
47. Ke3 Bc2 48. Kf4 Bb3 49. b5 cxb5 50. d5+ Kf7 51. Ke5 Bd1 52. Kd6 Bc2 53. e5
Ke8 54. e6 Bb3 55. g6 Bc2 56. g7 Bh7 57. Kc6 Ke7 58. d6+ Kd8 59. e7+ 1-0

[Event "4NCL Division 3s"]
[Site "Daventry Court ENG"]
[Date "2015.01.11"]
[Round "4.156"]
[White "Shepherd, Paul D"]
[Black "Smith, Patrick"]
[Result "1-0"]
[WhiteElo "2070"]
[BlackElo "1841"]
[PlyCount "141"]
[EventDate "2015.01.11"]
[WhiteTeam "Surbiton 1"]
[BlackTeam "KJCA Knights"]

1. e4 d6 2. d4 Nf6 3. Nc3 e5 4. Nf3 exd4 5. Nxd4 g6 6. g3 Bg7 7. Bg2 O-O 8. O-O
Re8 9. h3 Nbd7 10. Re1 Nc5 11. Nb3 Nfd7 12. Bf4 a5 13. Nxc5 Nxc5 14. Qd2 Be6
15. Rad1 Qd7 16. Kh2 a4 17. a3 Rad8 18. Bg5 Rb8 19. Be3 b6 20. Bd4 f6 21. Nd5
Qf7 22. Qc3 Bxd5 23. exd5 f5 24. Bxg7 Qxg7 25. Qxg7+ Kxg7 26. g4 f4 27. g5 h6
28. gxh6+ Kxh6 29. Bf3 Kg5 30. Bg4 Kf6 31. Kg2 Re5 32. Kf3 Rbe8 33. Rxe5 dxe5
34. d6 cxd6 35. Rxd6+ Kg5 36. h4+ Kxh4 37. Rxg6 Rf8 38. Bh3 e4+ 39. Kg2 f3+ 40.
Kh2 e3 41. fxe3 f2 42. Rg4+ Kh5 43. Rf4 Rxf4 44. exf4 Ne4 45. Kg2 Kg6 46. Be6
Kf6 47. Bd5 Kf5 48. Bxe4+ Kxe4 49. Kxf2 Kxf4 50. Ke2 Ke4 51. Kd2 Kd4 52. b3
axb3 53. cxb3 Kc5 54. Kd3 Kd5 55. Kc3 Kc5 56. a4 Kc6 57. Kb4 Kc7 58. Kb5 Kb7
59. a5 bxa5 60. Kxa5 Ka7 61. Kb5 Kb7 62. b4 Kb8 63. Kb6 Ka8 64. Kc7 Ka7 65. b5
Ka8 66. Kc6 Ka7 67. Kc7 Ka8 68. Kb6 Kb8 69. Ka6 Ka8 70. b6 Kb8 71. b7 1-0

[Event "4NCL Division 3s"]
[Site "Daventry Court ENG"]
[Date "2015.01.11"]
[Round "4.157"]
[White "Hand, Freddie"]
[Black "Henderson, Ian R"]
[Result "1/2-1/2"]
[WhiteElo "1831"]
[BlackElo "2056"]
[PlyCount "69"]
[EventDate "2015.01.11"]
[WhiteTeam "KJCA Knights"]
[BlackTeam "Surbiton 1"]

1. d4 d5 2. c4 Nc6 3. Nc3 dxc4 4. Nf3 a6 5. d5 Nb8 6. e4 b5 7. a4 b4 8. Na2 Nf6
9. Bxc4 Nxe4 10. Nxb4 e6 11. Nc2 c6 12. dxe6 Qxd1+ 13. Kxd1 Nxf2+ 14. Ke2 Nxh1
15. exf7+ Kd8 16. Bf4 Bg4 17. Rxh1 Nd7 18. Ncd4 Kc8 19. Nxc6 Nf6 20. Rc1 Kb7
21. Bb3 Rc8 22. Na5+ Kb6 23. Nc4+ Kb7 24. h3 Bxf3+ 25. Kxf3 Ka7 26. Ne5 Rxc1
27. Bxc1 Bd6 28. Bf4 Kb7 29. g4 Kc7 30. Be6 g5 31. Bh2 Kd8 32. Nc6+ Kc7 33. Ne5
Kd8 34. Nc6+ Kc7 35. Ne5 1/2-1/2

[Event "4NCL Division 3s"]
[Site "Daventry Court ENG"]
[Date "2015.01.11"]
[Round "4.158"]
[White "Crombleholme, Alan K"]
[Black "Green, Michael"]
[Result "0-1"]
[WhiteElo "2105"]
[BlackElo "1872"]
[PlyCount "66"]
[EventDate "2015.01.11"]
[WhiteTeam "Surbiton 1"]
[BlackTeam "KJCA Knights"]

1. d4 Nf6 2. Nf3 c5 3. d5 e6 4. c4 exd5 5. cxd5 d6 6. Nc3 g6 7. e4 Bg7 8. Nd2
a6 9. a4 Nbd7 10. Be2 O-O 11. O-O Re8 12. Qc2 Qc7 13. Nc4 Ne5 14. Nxe5 Rxe5 15.
Bf4 Re8 16. Rfe1 Rb8 17. Rab1 Bd7 18. b4 cxb4 19. Rxb4 Rxe4 20. Qxe4 Nxe4 21.
Nxe4 Qa5 22. Bxd6 Re8 23. Rd1 Bxa4 24. Rc1 f5 25. Ng3 Bf8 26. Bxf8 Kxf8 27.
Rxb7 Re7 28. Rb8+ Re8 29. Rb7 f4 30. Rcc7 Rxe2 31. Rf7+ Ke8 32. Rxh7 Qe1+ 33.
Nf1 Qxf2+ 0-1

[Event "4NCL Division 3s"]
[Site "Daventry Court ENG"]
[Date "2015.01.11"]
[Round "4.159"]
[White "Anilkumar, Anantha P (jnr)"]
[Black "Faulks, Nick W"]
[Result "1/2-1/2"]
[WhiteElo "1881"]
[BlackElo "2075"]
[PlyCount "135"]
[EventDate "2015.01.11"]
[WhiteTeam "KJCA Knights"]
[BlackTeam "Surbiton 1"]

1. e4 c5 2. Nf3 e6 3. d4 cxd4 4. Nxd4 a6 5. Bd3 Bc5 6. Nb3 Be7 7. O-O d6 8. Qe2
Qc7 9. f4 Nd7 10. Be3 h5 11. Nd4 Ngf6 12. h3 Nc5 13. Nd2 b5 14. b4 Na4 15. Qf3
Bb7 16. Qg3 h4 17. Qf2 Nc3 18. Qf3 Rc8 19. Ne2 d5 20. Nxc3 Qxc3 21. e5 Ne4 22.
Nxe4 dxe4 23. Bxe4 Bxe4 24. Qxe4 O-O 25. a3 Rfd8 26. Bb6 Rd5 27. Rad1 Rc4 28.
Qe3 Qxe3+ 29. Bxe3 Rc3 30. Rxd5 exd5 31. Bb6 Rxa3 32. Ba5 Rc3 33. Rd1 Rc4 34.
Rxd5 Rxf4 35. c3 Rc4 36. Rd3 Bg5 37. Bb6 Re4 38. Bd8 Rxe5 39. Bxg5 Rxg5 40.
Rd8+ Kh7 41. Rd6 Rg6 42. Rd4 Rh6 43. Rd7 Rf6 44. Rd5 Kh6 45. Rd4 g5 46. c4 bxc4
47. Rxc4 Kg6 48. Rc5 Rb6 49. Kf2 f6 50. Ra5 Kf7 51. Kf3 Ke7 52. Ke3 Kd7 53. Kd3
Kc7 54. Ke4 Kc6 55. Rf5 Kd7 56. Ra5 Ke6 57. Kd3 Kf7 58. Ke3 Kg6 59. Kf3 Kg7 60.
Kf2 Kf8 61. Kf3 Ke8 62. Ke3 Kd8 63. Kd3 Kc8 64. Kc3 Kb7 65. Rf5 Rd6 66. Rf2
Rc6+ 67. Kd3 Kb6 68. Rf5 1/2-1/2

[Event "4NCL Division 3s"]
[Site "Daventry Court ENG"]
[Date "2015.01.11"]
[Round "4.160"]
[White "Kennedy, Craig"]
[Black "Green, Emily"]
[Result "1/2-1/2"]
[WhiteElo "1919"]
[BlackElo "1590"]
[PlyCount "53"]
[EventDate "2015.01.11"]
[WhiteTeam "Surbiton 1"]
[BlackTeam "KJCA Knights"]

1. d4 Nf6 2. Bg5 c5 3. d5 g6 4. Nc3 Bg7 5. e4 d6 6. Qd2 O-O 7. f3 a6 8. Bh6 Qc7
9. h4 Nbd7 10. h5 b5 11. Bxg7 Kxg7 12. hxg6 fxg6 13. Qh6+ Kg8 14. Nh3 Ne5 15.
Ng5 Nf7 16. Qh4 Nxg5 17. Qxg5 Bd7 18. O-O-O b4 19. Ne2 Rf7 20. Ng3 Rg7 21. f4
Ng4 22. Re1 e5 23. Be2 exf4 24. Bxg4 fxg3 25. Bf3 Re8 26. Qxg3 a5 27. Rd1
1/2-1/2